000 00610nam a2200229Ia 4500
003 OSt
005 20220923230731.0
006 a|||||r|||| 00| 0
007 ta
008 Pun
024 _a305,156
037 _cTextual
040 _aARTS
_cARTS
_bPun
041 _2Pun
_aPun
082 _aQ8441:332xJ63,1, 153L4
100 _aਅਰFੀ, ਸਾਹਿਬ ਸਿੰਘ
245 0 _aਜੈਤਸਰੀ ਦੀ ਵਾਰ
260 _c1974
650 _aਧਰਮ
942 _hQ8441:332xJ63,1, 153L4
_cTEXL
_2CC
999 _c386959
_d386959